|
|
|
|
| LEADER |
01802nam a2200397 a 4500 |
| 001 |
37231 |
| 003 |
BD-DhAAL |
| 005 |
20250227153257.0 |
| 008 |
210121s2017 nyu b 001 0 eng d |
| 010 |
|
|
|a 2016024302
|
| 020 |
|
|
|a 9780316380522
|
| 020 |
|
|
|a 9780316380508
|
| 020 |
|
|
|a 978031655451
|
| 040 |
|
|
|a DLC
|b eng
|e rda
|c DLC
|d DLC
|d BD-DhAAL
|
| 042 |
|
|
|a pcc
|
| 050 |
0 |
0 |
|a TK5105.875.I57
|b M58 2017
|
| 082 |
0 |
0 |
|a 005.8
|2 23
|
| 100 |
1 |
|
|a Mitnick, Kevin D.
|q (Kevin David),
|d 1963-
|e author.
|9 40720
|
| 245 |
1 |
4 |
|a The art of invisibility :
|b the world's most famous hacker teaches you how to be safe in the age of Big Brother and big data /
|c Kevin Mitnick with Robert Vamosi ; foreword by Mikko Hypponen.
|
| 250 |
|
|
|a First edition.
|
| 260 |
|
|
|a New York :
|b Little, Brown and Company,
|c c2017.
|
| 300 |
|
|
|a x, 308 pages ;
|c 21 cm.
|
| 504 |
|
|
|a Includes bibliographical references (pages 283-298) and index.
|
| 526 |
|
|
|a CSE
|
| 541 |
|
|
|a Trim Education
|e 37231, 37232
|
| 650 |
|
0 |
|a Computer security.
|9 40722
|
| 650 |
|
0 |
|a Internet
|x Security measures.
|9 40721
|
| 650 |
|
0 |
|a Data protection.
|9 40723
|
| 650 |
|
0 |
|a Privacy, Right of.
|9 40724
|
| 650 |
|
0 |
|a Computer science.
|9 42586
|
| 700 |
1 |
|
|a Vamosi, Robert,
|e author.
|9 40725
|
| 852 |
|
|
|a Ayesha Abed Library
|c General Stacks
|
| 942 |
|
|
|2 ddc
|c BK
|
| 999 |
|
|
|c 42148
|d 42148
|
| 952 |
|
|
|0 0
|1 0
|2 ddc
|4 0
|6 005_800000000000000_MIT
|7 0
|9 68123
|a BRACUL
|b BRACUL
|c GEN
|d 2020-03-12
|e Trim Education
|g 1700.00
|l 11
|m 134
|o 005.8 MIT
|p 3010037232
|q 2026-06-02
|r 2026-02-22
|s 2026-02-22
|t 2
|v 1700.00
|w 2020-03-12
|y BK
|x Received during pandemic
|
| 952 |
|
|
|0 0
|1 0
|2 ddc
|4 0
|6 005_800000000000000_MIT
|7 0
|9 68124
|a BRACUL
|b BRACUL
|c GEN
|d 2020-03-12
|e Trim Education
|g 1700.00
|l 3
|m 59
|o 005.8 MIT
|p 3010037231
|r 2025-11-02
|s 2025-02-08
|t 1
|v 1700.00
|w 2020-03-12
|y BK
|x Received during pandemic
|